Der Fürst-Pückler-Park in Bad Muskau. Das einzige anerkannte Denkmal von Weltrang des Freistaates Sachsen

Titel: Der Fürst-Pückler-Park in Bad Muskau. Das einzige anerkannte Denkmal von Weltrang des Freistaates Sachsen / Jürgen Tremper
Verfasser:
In: Lausitzer Almanach, Band 11 (2018), Seite 38-42
alle Artikel anzeigen
Veröffentlicht: 2018
Umfang: Illustrationen
Format: Aufsatz
Sprache: Deutsch
Schlagworte:
Kein Bild verfügbar
X
alg: 50365093
001A    $03025:13-01-23 
001B    $01999:13-01-23 $t22:32:52.000 
001D    $03025:13-01-23 
001U    $0utf8 
001X    $00 
002@    $0Aou 
002C    $aText $btxt $2rdacontent 
002D    $aohne Hilfsmittel zu benutzen $bn $2rdamedia 
002E    $aBand $bnc $2rdacarrier 
003@    $0503650935 
007A    $0503650935 $aHEB 
010@    $ager 
010E    $erda 
011@    $a2018 
021A    $aDer @Fürst-Pückler-Park in Bad Muskau. Das einzige anerkannte Denkmal von Weltrang des Freistaates Sachsen $hJürgen Tremper 
028A    $BVerfasser $4aut $71046977660 $8Tremper, Jürgen$Z1946- [Tp3] $9335930484 
031A    $d11 $h38-42 $j2018 
034M    $aIllustrationen 
039B    $aEnthalten in $8--Abvc--. Lausitzer Almanach. - Kamenz : D. Rostowski, 2006- $x201800000110000962 $9211705462 
044K    $RPetrick, Johann Gottfried $#Muskau, Hermann von Pückler- $#Muskau, Hermann L. von $#Būklı̄r Mūskāw, ... $#Mūskāw, Būklı̄r $#Būklı̄r-Mūskāw, Lūdfı̄g Hārman Fūn $#Homogalakto $#Semilasso $#Puckler-Muskau, Hermann $#Pückler, Hermann von $#Pückler-Muskau, Hermann Ludwig Heinrich von $#Pückler-Muskau, Hermann zu $#Pukler-Muskau, ... de $#Pückler von Mußkau, ... $#Pückler Muskau, Hermann L. von $#Pückler von Mußkau, Hermann L. $#Pückler Muskau, Hermann $#Muskau, Hermann P. $#Pückler-Mußkau, Hermann L. von $#Muskau, Ludwig Heinrich Hermann von $#Pückler-Muskau, Hermann L. von $#Pückler-Muskau, Hermann Ludwig Heinrich $#Pückler-Mußkau, ... von $#Pückler Mußkau, Hermann L. $#Muskau, Hermann Ludwig Heinrich von Pückler- $#Pückler Muskau, Hermann von $#Tuttolasso $#Pückler-Muskau, Hermann von Prince, Ecrivain, Architecte paysagiste $#Pückler-Muskau, Hermann von Prince, Writer, Landscape architect $#Pückler-Muskau, Hermann Ludwig Heinrich von Fürst, Schriftsteller, Landschaftsarchitekt $#Pückler-Muskau, Hermann Ludwig Heinrich von Prince, Ecrivain, Architecte paysagiste $#Pückler-Muskau, Hermann Ludwig Heinrich von Prince, Writer, Landscape architect $#Semilasso  $#Semilasso  $#Semilasso  $#Pückler  $#Pückler  $#Pückler  $#Homogalakto  $#Homogalakto  $#Homogalakto  $#Pückler-Muskau, Hermann Fürst von $#Pückler-Muskau, Hermann Graf von $#Pückler-Muskau, Hermann von Fürst, Schriftsteller, Landschaftsarchitekt $#Pückler-Muskau, Hermann Ludwig Heinrich von $#Muskau, Hermann L. von M.- $#Muskau, Hermann von P.- $#Pückler-Muskau, Hermann Fürst von $#Muskau, Hermann von Pückler- Fürst $#Muskau, Hermann von P.- Fürst $#Muskau, Hermann P. $#Pückler-Mußkau, Hermann L. von $#Pückler Muskau, Hermann L. von $#Muskau, Hermann L. von $#Pückler von Mußkau, Hermann L. $#Pückler Mußkau, Hermann L. $#Krönert, Hans Hermann $#Pückler-Muskau, Herrmann von $#Pückler-Muskau, Hermann von $#Muskau, Hermann von Pückler $#Muskau, Hermann von $7118597019 $8Pückler-Muskau, Hermann$cvon$Z1785-1871 [Tp1] $9086937995 
044K    $RBad Muskau $#Fürst-Pückler-Park Bad Muskau $#Muskauer Park Bad Muskau $#Schlosspark Bad Muskau Bad Muskau $#Park Mużakowski Bad Muskau $71053548362 $8Park Muskau$gBad Muskau [Tg1] $9343224887 
044K    $RGedenkstätte $RErinnerungsort $#Monuments $#Monuments $#Monumenti $#Historische Stätte $#Denkmal $#Monument $#Mahnmal Denkmal $#Denkmäler $74011453-3 $8Denkmal [Ts1] $9085023302 
045F/01 $a709 
045F/03 $g4321 
045R    $a[DDC23BSB]709.4321 
045T    $a8,1 

lok: 50365093 78

exp: 50365093 78 1 #EPN
201B/01 $013-01-23 $t15:32:57.000 
201C/01 $013-01-23 
201U/01 $0utf8 
203@/01 $01224535790 
208@/01 $a13-01-23 $be 
209A/01 $a/ $f000 $x00 
209A/01 $ab*p $x01 
209B/01 $a3 $x05 
220C/01 $apgar 
244Z/01 $#Schlesien $#Schlesien $#Herzogtum Schlesien $#Herzogtum Schlesien Schlesien $#Provinz Schlesien $#Śla̜sk $#Slezsko $#Silesia $74052678-1 $8--Tg1--Schlesien $x01 $9085146781 
247C/01 $82080>Marburg/Lahn, Herder-Institut, Forschungsbibliothek, Bibliographieportal $9336309341
LEADER 00000caa a2200000 c 4500
001 503650935
003 DE-603
005 20230113223252.0
007 tu
008 230113s2018 xx |||| | u00||u|ger c
035 |a (DE-599)HEB503650935 
040 |a DE-603  |b ger  |c DE-603  |d DE-603  |e rda 
041 |a ger 
084 |a 8,1  |2 ssgn 
085 |8 1\u  |b 709 
085 |8 1\u  |z 2  |s 4321 
100 1 |a Tremper, Jürgen  |d 1946-  |e Verfasser  |4 aut  |0 (DE-603)335930484  |0 (DE-588)1046977660  |2 gnd 
245 0 0 |a ˜Derœ Fürst-Pückler-Park in Bad Muskau. Das einzige anerkannte Denkmal von Weltrang des Freistaates Sachsen  |c Jürgen Tremper 
264 0 |c 2018 
300 |b Illustrationen 
336 |a Text  |b txt  |2 rdacontent 
337 |a ohne Hilfsmittel zu benutzen  |b n  |2 rdamedia 
338 |a Band  |b nc  |2 rdacarrier 
600 1 7 |a Pückler-Muskau, Hermann von  |d 1785-1871  |0 (DE-588)118597019  |0 (DE-603)086937995  |2 gnd 
648 7 |a [DDC23BSB]709.4321  |2 gnd 
650 7 |a Denkmal  |0 (DE-588)4011453-3  |0 (DE-603)085023302  |2 gnd 
651 7 |a Park Muskau  |g Bad Muskau  |0 (DE-588)1053548362  |0 (DE-603)343224887  |2 gnd 
773 0 8 |i Enthalten in  |t Lausitzer Almanach  |d Kamenz : D. Rostowski, 2006-  |h 21 cm  |g Band 11 (2018), Seite 38-42  |w (DE-603)211705462  |w (DE-600)2490408-9 
924 0 |9 2080  |a (DE-603)1224535790  |b DE-2080  |c HES  |d d  |g /